| Tag |
First Indicator |
Second Indicator |
Subfields |
| LEADER |
00000cam a2200000 4500 |
| 001 |
in00000060546 |
| 005 |
20151007082657.0 |
| 008 |
720519s1963 eng u |
| 010 |
|
|
|a 63010264
|
| 035 |
|
|
|a (OCoLC)00312797
|
| 035 |
|
|
|9 AAF8248AM
|
| 040 |
|
|
|c WSU
|d TXA
|d UtOrBLW
|
| 049 |
|
|
|a TXAM
|c [402572]
|
| 050 |
|
0 |
|a DT30
|b .P24
|
| 092 |
|
|
|a 327.6
|b P123a
|
| 100 |
1 |
|
|a Padelford, Norman J.
|q (Norman Judson),
|d 1903-1982.
|
| 245 |
1 |
0 |
|a Africa and world order.
|
| 264 |
|
1 |
|a [Place of publication not identified] :
|b Praeger,
|c [1963]
|
| 300 |
|
|
|a 152 pages
|
| 336 |
|
|
|a text
|b txt
|2 rdacontent
|
| 337 |
|
|
|a unmediated
|b n
|2 rdamedia
|
| 338 |
|
|
|a volume
|b nc
|2 rdacarrier
|
| 651 |
|
0 |
|a Africa
|x Politics and government
|y 1960-
|
| 700 |
1 |
|
|a Emerson, Rupert,
|d 1899-1979.
|
| 999 |
|
|
|a MARS
|
| 999 |
f |
f |
|s ee66276c-0ee0-3eec-bb29-38cd0b802617
|i e17262aa-e927-3bff-af03-1f64929ed3dc
|t 0
|
| 952 |
f |
f |
|p ric
|a Texas A&M University
|b Rellis Campus
|c Joint Library Facility
|d Remote Storage
|t 0
|e DT30 .P24
|h Library of Congress classification
|i unmediated -- volume
|m A14800676727
|
| 998 |
f |
f |
|a DT30 .P24
|t 0
|l Remote Storage
|